20,000 leguas de viaje submarino / (Registro nro. 10849)

Detalles MARC
000 -LEADER
fixed length control field 00817cam a2200301 i 4500
001 - CONTROL NUMBER
control field 0000529
003 - CONTROL NUMBER IDENTIFIER
control field DO-SdBNP
005 - DATE AND TIME OF LATEST TRANSACTION
control field 20180205112531.0
007 - PHYSICAL DESCRIPTION FIXED FIELD--GENERAL INFORMATION
fixed length control field 0000529
008 - FIXED-LENGTH DATA ELEMENTS--GENERAL INFORMATION
fixed length control field 100514s 1988 sp | |||| 000 f spa
015 ## - NATIONAL BIBLIOGRAPHY NUMBER
National bibliography number
017 ## - COPYRIGHT OR LEGAL DEPOSIT NUMBER
Copyright or legal deposit number
Assigning agency
020 ## - INTERNATIONAL STANDARD BOOK NUMBER
International Standard Book Number 8435601323 (obra completa)
020 ## - INTERNATIONAL STANDARD BOOK NUMBER
International Standard Book Number 8435601293 (v. 4)
035 ## - SYSTEM CONTROL NUMBER
System control number
040 ## - CATALOGING SOURCE
Original cataloging agency BPMSU
Language of cataloging spa
Transcribing agency BPMSU
Description conventions
080 ## - UNIVERSAL DECIMAL CLASSIFICATION NUMBER
Universal Decimal Classification number
100 1# - MAIN ENTRY--PERSONAL NAME
Personal name Verne, Julio,
Dates associated with a name 1828-1905
245 10 - TITLE STATEMENT
Title 20,000 leguas de viaje submarino /
Statement of responsibility, etc. Julio Verne
Medium
246 1# - VARYING FORM OF TITLE
Title proper/short title Veinte mil leguas de viaje submarino.
260 ## - PUBLICATION, DISTRIBUTION, ETC. (IMPRINT)
Place of publication, distribution, etc. Barcelona :
Name of publisher, distributor, etc. Roma,
Date of publication, distribution, etc. [1988].
300 ## - PHYSICAL DESCRIPTION
Extent 114 p.:
Other physical details il.
Dimensions 19 m
490 1# - SERIES STATEMENT
Series statement Biblioteca juvenil Albor
Volume/sequential designation 4
830 #0 - SERIES ADDED ENTRY--UNIFORM TITLE
Uniform title Biblioteca juvenil Albor
Number of part/section of a work 4
942 ## - ADDED ENTRY ELEMENTS (KOHA)
Source of classification or shelving scheme Dewey Decimal Classification
Koha item type Libros
945 ## - LOCAL PROCESSING INFORMATION (OCLC)
a Inventarioado, 2018 /LP
956 ## - LOCAL ELECTRONIC LOCATION AND ACCESS (OCLC)
Host name YLOCKWARD
Field link and sequence number 10
Compression information BPMSU
Existencias
Withdrawn status Lost status Source of classification or shelving scheme Damaged status Not for loan Collection code Home library Current library Date acquired Source of acquisition Total Checkouts Barcode Date last seen Price effective from Koha item type Copy number
    Dewey Decimal Classification     Colección Juvenil General Biblioteca Pública Metropolitana Salomé Ureña Biblioteca Pública Metropolitana Salomé Ureña 07/13/2016 Fundi   BPMSU16070430 07/13/2016 07/13/2016 Libros  
    Dewey Decimal Classification     Colección Juvenil General Biblioteca Pública Metropolitana Salomé Ureña Biblioteca Pública Metropolitana Salomé Ureña 07/13/2016 Fundi   BPMSU16070431 07/13/2016 07/13/2016 Libros ej. 2